Missing Book Word Marathon Quiz Stats

 Plays Quiz Updated Dec 7, 2018

     
Support Sporcle.
Go Orange.
Score 0/226 Timer 20:00
5 Plays Today
% Correct
Tale
95.7%
Gone
95.5%
Tom
95.2%
Silence
94.1%
Jane
93.4%
Oz
93.4%
Eggs
93%
Punishment
92.9%
Travels
92.7%
Uncle
92.4%
X
92.3%
Pooh
92.3%
Hitchhiker's
92.2%
Vinci
92.2%
Quixote
91.8%
Games
91.7%
Azkaban
91.5%
Go
91.3%
Wrath
91.3%
22
91.1%
Dragon
91%
Jekyll
90.7%
In
90.6%
Brave
90.2%
Hallows
90.1%
2001
90.1%
Zhivago
90%
You'll
90%
West
89.9%
Vendetta
89.9%
Orange
89.8%
David
89.7%
War
89.4%
Goblet
89.3%
Green
88.8%
Phoenix
88.7%
Stone
88.7%
Half
88.6%
Kane
88.5%
Gray
88.5%
Quiet
88.4%
Chamber
88%
Peach
87.8%
Eat
87.7%
Bridget
87.5%
Mice
87.4%
Red
87.4%
Age
87.2%
Sea
87.2%
Landed
87.2%
Twist
87.1%
Madame
87%
Anna
86.9%
Chatterley's
86.6%
Juliet
85.8%
Lion
85.4%
451
85.3%
Soup
85.2%
None
84.9%
Hound
84.7%
Orient
84.6%
Midsummer
84.1%
Nothing
83.9%
Flies
83.7%
Hat
83.6%
Dick
83%
Rabbit
82.7%
East
82.7%
Hungry
82.5%
Hundred
82.1%
Wild
82%
Fern
81.8%
1
81.7%
Taming
81.6%
Meatballs
81.6%
King
81.3%
% Correct
Ends
80.7%
Henry
79.8%
Stranger
79.5%
Falcon
78.9%
Golden
78.2%
Farewell
78.1%
Peter
78%
One
78%
Loud
77.8%
Pocket
77.3%
L.A.
76.2%
Black
76.2%
Like
76.1%
South
76.1%
Madison
75.5%
Lovely
75.2%
Cider
74.3%
Lost
72.7%
Scarlet
72.5%
Polar
71.7%
Tess
71.6%
India
71.5%
Waiting
71.2%
Turtle
71.1%
Old
70.9%
Mile
70.1%
Elephants
69.9%
And
69.9%
Tailor
69.6%
Penguins
69.5%
At
69.4%
Machine
69.4%
Pet
69.4%
Right
68.8%
Apes
68.6%
Valley
68.1%
Wife
67.5%
Windsor
67.4%
Adventures
67.3%
Fast
67.1%
Nickleby
66.8%
Las Vegas
66.3%
Blue
66.2%
Cold
66.2%
Wicked
65.5%
Guildenstern
65.2%
Big
65.1%
Three
64.7%
Also
64.6%
Morrie
64.1%
Sound
63.8%
Gorillas
63.7%
Winter
63.5%
Striped
63.4%
Flanders
62.3%
High
62.3%
Brooklyn
62.1%
39
62%
Journey
61.7%
History
61.5%
Postman
61.3%
Margaret
60.8%
Alibi
60.4%
Four
60.1%
Iceman
59.7%
Connecticut
59.6%
Marner
59.5%
Snow
59.5%
Bell
59.3%
Bunches
58.8%
Raisin
58.7%
Lot
58.5%
Cholera
58%
Dixie
57.1%
Death
56.8%
Dunces
56.5%
% Correct
Fantastic
56.4%
Song
56.1%
Influence
55.9%
Lightness
55.8%
Pop
55.8%
Artist
55.5%
Bonfire
55.2%
Purple
54.7%
Ethan
54.7%
Livingston
54.5%
Brown
54.4%
Agony
54.1%
Socks
54%
Far
53.6%
Mandolin
53.4%
Kill
51.8%
Wrinkle
51.2%
French
49.9%
White
49.4%
Vacancy
49.2%
Bear
48.7%
End
47.9%
Wine
47.6%
Meany
47.5%
Worms
46.7%
Joy
46.5%
84
46%
Two
45.3%
Chocolate
44.4%
Lonely
44.2%
Douglass
43.7%
Human
43.3%
Rose
42.9%
Lake
42.1%
Zooey
41.7%
Beloved
41.5%
Alice
41.4%
Cheese
41.1%
Left
39.1%
Rats
39.1%
Five
38.8%
Complaint
38.6%
Book
38.5%
France
38.4%
Mayor
38.2%
Johnny
37.3%
Moo
36.1%
Moveable
35.9%
Naked
35.4%
49
35.3%
Seven
35%
Dark
34.4%
Grow
34.3%
Drum
33.7%
Eight
32.5%
Little
32.3%
Venice
31.4%
New Hampshire
31.2%
Game
29.1%
Teacher
29%
Trumpet
28.8%
Ohio
27.5%
Out
27%
Six
25.7%
Lev
24.6%
Ten
22.1%
Nine
21.9%
Jamaica
21.4%
Quartet
21.3%
Wolves
20.9%
Sassy
15%
Berlin
14.5%
Samarra
13%
Weed
10.9%

From the Vault

23 Ways Not to Stay Up From 'Dusk' Till 'Dawn'

by timmylemoine1

Staying up from dusk till dawn isn't a very good idea anyway.
Remove Ads.
Support Sporcle.
Get the best of Sporcle when you Go Orange. This ad-free experience offers more features, more stats, and more fun while also helping to support Sporcle. Thank you for becoming a member.

Show Comments

Extras

Top Quizzes Today


Score Distribution

Your Account Isn't Verified!

In order to create a playlist on Sporcle, you need to verify the email address you used during registration. Go to your Sporcle Settings to finish the process.

Report this User

Report this user for behavior that violates our Community Guidelines.

Details: